Statystyki dla Państwa, które pokonały Hiszpanię

Kliknij tutaj aby rozwiązać quiz!

Ogólne statystyki

  • Ten quiz został rozwiązany 65 razy
  • Średni wynik to 11 z 16

Statystyki odpowiedzi

RangaKategoriaPaństwo% Poprawnych
4Najbardziej wysunięty na południe państwo Europy
*Nie uwazględnia Cypru i Turcji
Grecja | Włochy | Malta
97%
2Większe imperium kolonialneWielka Brytania
93%
4Większa ilość rodzimych użytkowników języka hiszpańskiegoMeksyk | Kolumbia | Argentyna | Stany Zjednoczone
92%
2Większa ilość międzynarodowych turystów otrzymałaFrancja
85%
3Większa ilość miejsc światowego dziedzictwa UNESCOWłochy | Chiny
80%
3Ostatni obce państwo okupujące FilipinyStany Zjednoczone | Japonia
78%
2Większa produkcji winaWłochy
76%
2Dłuższa granica lądowa z FrancjąBrazylia
71%
4Najbiedniejsze państwo europejskie, które nigdy nie było komunistyczne (2020, PPP)Grecja | Portugalia | Włochy
69%
8Właściciel wyspy o wyższym wzniesieniuIndonezja | Papua-Nowa Gwinea | Stany Zjednoczone | Malezja | Tajwan | Japonia | Nowa Zelandia
64%
3Wcześniejsza legalizacja małżeństw osób tej samej płciHolandia | Belgia
59%
6Źródło największej liczby francuskich rezydentów urodzonych za granicąAlgieria | Maroko | Portugalia | Włochy | Tunezja | Turcja
56%
6Flaga państwa z największą ilością żółtegoBrunei | Watykan | Ukraina | Kolumbia | Ekwador
56%
8Większa ilość wody, która jest odsolonaArabia Saudyjska | Zjednoczone Emiraty Arabskie | Kazachstan | Algieria | Katar | Izrael | Stany Zjednoczone
51%
4Państwo europejskie z najbardziej zaludnionym miastem zaczynającym się na literę ZSzwajcaria | Chorwacja | Ukraina
51%
2Państwo europejskie, którego stolica jest najbardziej
oddalona od morza lub granicy międzynarodowej
Rosja
47%

Rozkład punktacji

Percentyl według liczby udzielonych odpowiedzi

Procent ludzi z każdym wynikiem

Twoja historia wyników

Nie rozwiązałeś tego quizu